Možno krátkovlasá brunetka ...

Bibliographic Details
Main Authors: Šurin, Peter (ain), Vittek, Róbert, 1982- (Author, uin)
Format: Article
Language:Slovak
PhysicalDescription:Fotogr.
ISSN:0139-7001
Subjects:

MARC

LEADER 00000nab a2200000 a 4500
001 vtls000802706
003 SK-MaSNL
005 20260302151349.0
008 160321c2002 xo 0 slo
015 |a SNBRB2002/08-24919 
035 |a CLN000154361 
040 |a SNKBUCL  |b slo  |c SNKBUCL  |e AACR2 
041 0 |a slo 
044 |a xo  |c SK 
080 |a 796.332.071.4  |2 UDC-MRF-SK2 
100 1 |a Šurin, Peter  |4 ain  |9 571511 
245 1 0 |a Možno krátkovlasá brunetka ...  |c Peter Šurin 
300 |b Fotogr. 
600 1 7 |a Vittek, Róbert,  |d 1982-  |2 snkbucl  |9 121338 
655 7 |a články z novín a časopisov  |2 snkbucl  |9 267496 
700 1 |a Vittek, Róbert,  |d 1982-  |4 aut  |4 uin  |9 121338 
773 0 |x 0139-7001  |t Šport  |g Roč. 56, č. 179 (3.8.2002), s. 3 
850 |a Slovenská národná knižnica v Martine 
852 |a SNK  |b KIS3GCP 
958 |a SK 
958 |a BC 
958 |a RBX 
999 |c 1359633  |d 1361563